Northern lights / (Record no. 501)

MARC details
000 -LEADER
fixed length control field 00958cam a2200277 a 4500
005 - DATE AND TIME OF LATEST TRANSACTION
control field 20240227092134.0
020 ## - INTERNATIONAL STANDARD BOOK NUMBER
International Standard Book Number 0590541781 :
Terms of availability £12.99
040 ## - CATALOGING SOURCE
Original cataloging agency UKM
Transcribing agency UKM
Modifying agency DLC
-- FISKH
Language of cataloging eng
050 00 - LIBRARY OF CONGRESS CALL NUMBER
Classification number PZ7.P968
Item number No 1995
082 00 - DEWEY DECIMAL CLASSIFICATION NUMBER
Classification number 813.6
Edition number 21
100 1# - MAIN ENTRY--PERSONAL NAME
Personal name Pullman, Philip,
Dates associated with a name 1946-
245 10 - TITLE STATEMENT
Title Northern lights /
Statement of responsibility, etc. Philip Pullman.
260 ## - PUBLICATION, DISTRIBUTION, ETC.
Place of publication, distribution, etc. London ;
-- New York :
Name of publisher, distributor, etc. Scholastic Children's Books,
Date of publication, distribution, etc. 1995.
300 ## - PHYSICAL DESCRIPTION
Extent 399 pages ;
Dimensions 23 cm.
490 1# - SERIES STATEMENT
Series statement His dark materials
Materials specified 20th anniversary edition
505 ## - FORMATTED CONTENTS NOTE
Formatted contents note Q
520 ## - SUMMARY, ETC.
Summary, etc. Accompanied by her daemon, Lyra Belacqua sets out to prevent her best friend and other kidnapped children from becoming the subject of gruesome experiments in the Far North.
521 ## - TARGET AUDIENCE NOTE
Target audience note 900 <br/>
Source Lexile
521 ## - TARGET AUDIENCE NOTE
Target audience note Q <br/>
Source Raz-Plus
650 #1 - SUBJECT ADDED ENTRY--TOPICAL TERM
Topical term or geographic name entry element Missing persons
General subdivision Fiction.
650 #1 - SUBJECT ADDED ENTRY--TOPICAL TERM
Topical term or geographic name entry element Kidnapping
General subdivision Fiction.
650 #1 - SUBJECT ADDED ENTRY--TOPICAL TERM
Topical term or geographic name entry element Fantasy.
906 ## - LOCAL DATA ELEMENT F, LDF (RLIN)
a 7
b cbc
c copycat
d 3
e ncip
f 19
g y-gencatlg
942 ## - ADDED ENTRY ELEMENTS (KOHA)
Source of classification or shelving scheme Dewey Decimal Classification
Koha item type Books
Suppress in OPAC No
999 ## -
-- 501
-- 501
Holdings
Withdrawn status Lost status Source of classification or shelving scheme Damaged status Not for loan Collection Home library Current library Shelving location Date acquired Total Checkouts Full call number Barcode Date last seen Date last checked out Copy number Price effective from Koha item type
    Dewey Decimal Classification     Fiction Footprints International School Library Network Toul Kork Campus Footprints International School Library Network Toul Kork Campus A TK Campus, 4th Floor, Room B401, Fiction Bookcases (1-6) 05/09/2023 2 PUL 823.914 PZ7.P968 2023-0089 02/27/2026 01/23/2026 1 05/09/2023 Books
    Dewey Decimal Classification     Fiction Footprints International School Library Network Toul Kork Campus Footprints International School Library Network Toul Kork Campus   02/27/2024   PUL PZ7.P968 823.914 2024-0114 02/27/2024   2 02/27/2024 Books